| 000 | 00388nam a22001457a 4500 | ||
|---|---|---|---|
| 005 | 20250821141218.0 | ||
| 008 | 250821b |||||||| |||| 00| 0 eng d | ||
| 020 | _a9780807067796 | ||
| 050 |
_aBL 501 _b.K45 KEL |
||
| 100 | _aKELLER, CATHERINE | ||
| 245 |
_aAPOCALYPSE NOW AND THEN _cCATHERINE KELLER |
||
| 260 |
_aBOSTON _bBEACON PRESS _cc1996 |
||
| 300 | _axiv, 370.; | ||
| 942 |
_2lcc _cBK _n0 |
||
| 999 |
_c7324 _d7324 |
||